000 03982cam a22006134i 4500
003 PE-LiUPU
005 20250731173104.0
008 180702s r 000 0 spa d
020 _a9789972604614
035 _a(Sirsi) a249104
040 _aPE-LiUPU
_bspa
_cPE-LiUPU
_erda
049 _aPRUA
082 0 4 _a222.1
_bP1
_220
245 0 3 _a"La palabra que yo te diga, esa hablarás" :
_bestudios selectos en el pentateuco /
_cMerling Alomía, editor.
250 _aPrimera edición.
264 1 _aLima :
_bUniversidad Peruana Unión, Facultad de Teología, Ediciones Theologika,
_c2018.
300 _axxiv, 376 páginas ;
_c23 centímetros.
336 _atext
_2rdacontent
337 _aunmediated
_2rdamedia
338 _avolume
_2rdacarrier
490 0 _aSerie de Investigaciones ;
_vIBTU 2
500 _aPuedes comprar este material en la Facultad de Teología de la Universidad Peruana Unión.
505 0 _a"La palabra que Yo te diga, esa hablaras" -- Génesis -- ¿Estuvieron juntos Adán y Eva cuando ella fue tentada y engañada por la serpiente? entendiendo Génesis 3:6 -- Algunas interpretaciones antiguas del relato de la Aqedah: aportes de la literatura rabínica a la exégesis bíblica y algunos puntos de contacto con la lectura adventista -- José, el heredero bendecido doblemente por YHMH y por Jacob: un estudio exegético de Génesis 49:22-27 -- Éxodo -- Gracia ardiente: la misericordia de DDios en el pacto sinaítico -- Salvación, liberación y pacto en Éxodo 1-14 -- El contenido profético-escatológico del cántico de Moisés: un análisis de Éxodo 15:17-18 -- Levítico -- Los animales como alimentación humana según el pentateuco: un estudio de Levítico 11 -- Ecos temáticos y teológicos del día de expiación en el libro de Apocalipsis -- Números -- Mordeduras ardientes en el desierto: un estudio de Números 21:1-9 -- Deuteronomio -- El mandamiento del Sábado en Deuteronomio -- "Abominaciones": condenación del fundamento teológico de los antiguos sistemas rituales en Deuteronomio -- El motivo de la sangre en Deuteronomio ética y teodicea.
526 _aSEG42
526 _aSEG41
526 _aSEG40
526 _aSEG39
526 _aP94
526 _aP87
526 _aP86
526 _aP85
526 _aP77
526 _aP76
526 _aP35
650 0 4 _aBiblia. A.T. Génesis -- Comentarios.
650 0 4 _aBiblia. A.T. Éxodo -- Comentarios.
650 0 4 _aBiblia. A.T. Levítico -- Comentarios.
650 0 4 _aBiblia. A.T. Números -- Comentarios.
650 0 4 _aBiblia. A.T. Deuteronomio -- Comentarios.
700 1 _aMerling, Alomía,
_eeditor.
910 _adbm
_bncf
_cncf
_d20180702
942 _2ddc
_cBOOK
994 _aC0
_bPEPRU
598 _aCATALOGING
596 _a1 4
999 _a222.1 P1
_wDEWEY
_c28696
_i78925
_d28696
_e2019-6-14
_f2021-11-9
_g4
_lCCODEBUL1
_mBUL
_n6
_p15.22
_q4
_r0
_sY
_tBOOK
_u2018-7-2
_xTEOLOGIA
_PP35
_0COMPRA
_o.STAFF. Colección Teología
999 _a222.1 P1
_wDEWEY
_c2
_i78926
_d2019-6-28
_e2019-6-13
_f2021-11-9
_g4
_lCCODEBUL1
_mBUL
_n9
_p15.22
_q8
_r0
_sY
_tBOOK
_u2018-7-2
_xTEOLOGIA
_PP35
_0COMPRA
_o.STAFF. Colección Teología
999 _a222.1 P1
_wDEWEY
_c3
_i78927
_d2019-6-21
_e2019-5-24
_f2021-11-9
_g4
_lCCODEBUL1
_mBUL
_n4
_p15.22
_q11
_r0
_sY
_tBOOK
_u2018-7-2
_xTEOLOGIA
_PP35
_0COMPRA
_o.STAFF. Colección Teología
999 _a222.1 P1
_wDEWEY
_c1
_iCW00916
_f2021-12-22
_g2
_lCCODECWL1
_mBWL
_p30.00
_r0
_sY
_tBOOK
_u2018-11-29
_xWHITE
_zUNKNOWN
_0COMPRA
_o.STAFF. Centro White
999 _a222.1 P1
_wDEWEY
_c2
_iCW00917
_f2021-12-22
_g2
_lCCODECWL1
_mBWL
_p30.00
_r0
_sY
_tBOOK
_u2018-11-29
_xWHITE
_zUNKNOWN
_0COMPRA
_o.STAFF. Centro White
999 _a222.1 P1
_wDEWEY
_c3
_iCW00918
_f2021-12-22
_g2
_lCCODECWL1
_mBWL
_p30.00
_r0
_sY
_tBOOK
_u2018-11-29
_xWHITE
_zUNKNOWN
_0COMPRA
_o.STAFF. Centro White
980 _81
_gALBERTO SANCHEZ Responsable de Automatización